[Event "UT Dallas Fall Open 2017"]
[Site "Dallas USA"]
[Date "2017.11.21"]
[Round "8.3"]
[White "Chandra, Akshat"]
[Black "Popilski, Gil"]
[Result "1/2-1/2"]
[WhiteTitle "GM"]
[BlackTitle "GM"]
[WhiteElo "2483"]
[BlackElo "2502"]
[WhiteFideId "25006711"]
[BlackFideId "2809060"]
[EventDate "2017.11.17"]

1. e4 e5 2. Nf3 Nc6 3. Bb5 a6 4. Ba4 Nf6 5. O-O Be7 6. Re1 b5 7. Bb3 O-O 8. a4
b4 9. d4 d6 10. dxe5 Nxe5 11. Nxe5 dxe5 12. Qe2 Bb7 13. Nd2 Bc5 14. Nc4 Qe7 15.
Be3 Bxe3 16. Qxe3 Bxe4 17. f3 Bd5 18. Qxe5 Qc5+ 19. Qe3 Nd7 20. Ne5 Qxe3+ 21.
Rxe3 Bxb3 22. Nxd7 Rfd8 23. Rxb3 Rxd7 24. Rxb4 Rd2 25. Rc4 Re8 26. Rxc7 g6 27.
Kh1 Ree2 28. Rg1 a5 29. Rc5 Rxc2 30. Rxc2 Rxc2 31. Rb1 Kf8 32. h3 Ke7 33. Kg1 h5
34. b4 Rc4 35. bxa5 Rxa4 36. Rb7+ Kf6 37. Ra7 h4 38. a6 Ra2 39. Kf1 Kg5 40. Rxf7
Rxa6 41. Re7 Kf6 42. Re4 Ra1+ 43. Kf2 Ra2+ 44. Kg1 Ra1+ 45. Kf2 Ra2+ 1/2-1/2

[Event "UT Dallas Fall Open 2017"]
[Site "Dallas USA"]
[Date "2017.11.21"]
[Round "8.4"]
[White "Javakhadze, Zurab"]
[Black "Patel, Advait"]
[Result "0-1"]
[WhiteTitle "IM"]
[BlackTitle "IM"]
[WhiteElo "2452"]
[BlackElo "2449"]
[WhiteFideId "13603647"]
[BlackFideId "2075105"]
[EventDate "2017.11.17"]

1. c4 g6 2. Nc3 c5 3. g3 Bg7 4. Bg2 Nc6 5. e3 e6 6. Nge2 Nge7 7. Nf4 O-O 8. O-O
a6 9. a4 Rb8 10. d3 b6 11. Qe2 Nb4 12. Rd1 d5 13. cxd5 e5 14. Nh3 Nexd5 15. Bd2
Nc7 16. Be1 a5 17. f4 Ba6 18. Nf2 exf4 19. gxf4 Re8 20. Rac1 Qe7 21. Nce4 f5 22.
Ng5 Nbd5 23. Qc2 h6 24. Qb3 hxg5 25. Bxd5+ Nxd5 26. Qxd5+ Kh8 27. Bc3 Bb7 28.
Bxg7+ Qxg7 29. Qd6 Rbd8 30. Qxb6 gxf4 31. e4 Qe7 32. Qxc5 Qg5+ 33. Kh1 Qf6 34.
Qxa5 Rd4 35. Rc7 Ba8 36. Rdc1 Rxd3 37. Rc8 Rd1+ 38. Nxd1 Bxe4+ 39. Kg1 Qg5+ 40.
Kf2 Qh4+ 41. Ke2 f3+ 42. Ke3 f4+ 43. Kd2 Qxh2+ 44. Kc3 Rxc8+ 45. Kb3 Rxc1 46.
Qe5+ Kh7 47. Qxe4 Rxd1 0-1

[Event "UT Dallas Fall Open 2017"]
[Site "Dallas USA"]
[Date "2017.11.21"]
[Round "8.5"]
[White "Arribas Lopez, Angel"]
[Black "Gareyev, Timur"]
[Result "1/2-1/2"]
[WhiteTitle "GM"]
[BlackTitle "GM"]
[WhiteElo "2471"]
[BlackElo "2615"]
[WhiteFideId "2283352"]
[BlackFideId "14200937"]
[EventDate "2017.11.17"]

1. e4 c5 2. Nc3 e6 3. f4 d5 4. Nf3 dxe4 5. Nxe4 Be7 6. d4 cxd4 7. Qxd4 Qxd4 8.
Nxd4 a6 9. Be2 Nf6 10. Nxf6+ Bxf6 11. Be3 Bd7 12. O-O-O Nc6 13. Bf3 Rc8 14. Nb3
Nb4 15. Bc5 a5 16. Bxb7 Rc7 17. Be4 Nxa2+ 18. Kb1 Nb4 19. Bb6 Rc4 20. Nd2 Rc8
21. Bxa5 Nc6 22. Bb6 Nd4 23. Nf3 Ne2 24. Ne5 Ba4 25. g3 O-O 26. Ba5 Rb8 27. Rhe1
Rb5 28. Rxe2 Rxa5 29. Rd4 Rb8 30. b4 g6 31. Bd3 Rd5 32. Ree4 Be7 33. c3 f5 34.
Rxd5 fxe4 35. Ra5 Bxb4 36. cxb4 Rxb4+ 37. Kc1 exd3 38. Nxd3 Rc4+ 39. Kd2 Rc2+
40. Ke3 Bc6 41. Rc5 Rxc5 42. Nxc5 Kf7 43. Ne4 Bxe4 44. Kxe4 Kf6 45. h3 h5 46. g4
hxg4 47. hxg4 1/2-1/2

[Event "UT Dallas Fall Open 2017"]
[Site "Dallas USA"]
[Date "2017.11.21"]
[Round "8.7"]
[White "Sevian, Samuel"]
[Black "Prasanna, Raghuram Rao"]
[Result "1-0"]
[WhiteTitle "GM"]
[BlackTitle "IM"]
[WhiteElo "2615"]
[BlackElo "2459"]
[WhiteFideId "2040506"]
[BlackFideId "5022401"]
[EventDate "2017.11.17"]

1. e4 e5 2. Nf3 Nc6 3. Bc4 Nf6 4. d3 Be7 5. O-O O-O 6. Re1 d6 7. a4 Na5 8. Ba2
c5 9. Bg5 Be6 10. Nc3 Bxa2 11. Rxa2 Nc6 12. Bxf6 Bxf6 13. Nd5 g6 14. c3 Bg7 15.
Nd2 Ne7 16. Qb3 Rb8 17. Nxe7+ Qxe7 18. Qd5 Qe6 19. Qxe6 fxe6 20. a5 Rfd8 21. Kf1
d5 22. Nf3 d4 23. Rc1 Rbc8 24. c4 Rc7 25. Rb1 Bf8 26. Nxe5 Bd6 27. Nf3 Rf7 28.
b3 Rdf8 29. Ng5 Re7 30. e5 Bxe5 31. Ne4 Rc7 32. b4 cxb4 33. Rxb4 Rff7 34. Rab2
Bg7 35. Rb5 h6 36. Nd6 Rfd7 37. Rxb7 Rxb7 38. Nxb7 Bf8 39. Rb5 Kf7 40. a6 Rc7
41. Na5 Ke7 42. Ke2 Kd7 43. Kf3 Bc5 44. Nb3 Bb6 45. c5 Kc6 46. Nxd4+ Kd5 1-0

[Event "UT Dallas Fall Open 2017"]
[Site "Dallas USA"]
[Date "2017.11.21"]
[Round "8.8"]
[White "Reshef, Omer"]
[Black "Matsenko, Sergei"]
[Result "0-1"]
[WhiteTitle "IM"]
[BlackTitle "IM"]
[WhiteElo "2453"]
[BlackElo "2550"]
[WhiteFideId "2804336"]
[BlackFideId "4170083"]
[EventDate "2017.11.17"]

1. e4 e6 2. d4 d5 3. Nd2 c5 4. Ngf3 cxd4 5. exd5 Qxd5 6. Bc4 Qd7 7. O-O Nc6 8.
Nb3 a6 9. Nbxd4 Nxd4 10. Nxd4 Qc7 11. Qe2 Bd6 12. h3 Ne7 13. a4 O-O 14. Be3 b6
15. b3 Bb7 16. Rad1 Ng6 17. Qg4 Rae8 18. f4 Bc5 19. Kh1 Bc8 20. Qg3 Rd8 21. Qf2
Ne7 22. Kg1 Nd5 23. Bxd5 Rxd5 24. c4 Rd6 25. Nf3 Rfd8 26. Rxd6 Qxd6 27. Bxc5
bxc5 28. Qe3 Bb7 29. Rf2 Bxf3 30. Rxf3 g6 31. Kh2 Qd4 32. Qxd4 Rxd4 33. g4 Kg7
34. Kg3 Kf6 35. Re3 Ke7 36. g5 Rd8 37. Kg4 Rh8 38. h4 h6 39. gxh6 Rxh6 40. a5
Rh8 41. Rd3 Rb8 42. Kg5 Rh8 43. Kg4 f5+ 44. Kh3 Rd8 45. Rg3 Kf6 46. Re3 Ke7 47.
Rg3 Kf6 48. Re3 Rd4 49. Kg3 Ke7 50. Kf3 Rd2 51. b4 cxb4 52. Rb3 Ra2 53. Rxb4
Rxa5 54. Ke3 Ra3+ 55. Kd4 Rf3 56. Rb7+ Kf6 57. c5 Rxf4+ 58. Kc3 Rxh4 59. c6 Rh1
60. Kd2 Rh8 61. Kd3 Rc8 62. Rb6 Ke5 0-1

[Event "UT Dallas Fall Open 2017"]
[Site "Dallas USA"]
[Date "2017.11.21"]
[Round "8.9"]
[White "Ider, Borya"]
[Black "Stremavicius, Titas"]
[Result "1/2-1/2"]
[WhiteTitle "IM"]
[BlackTitle "IM"]
[WhiteElo "2515"]
[BlackElo "2422"]
[WhiteFideId "4901134"]
[BlackFideId "12804444"]
[EventDate "2017.11.17"]

1. d4 f5 2. Nc3 Nf6 3. Bg5 d5 4. e3 Be6 5. h3 Nbd7 6. Nf3 c6 7. Be2 g6 8. Bf4
Bg7 9. g4 Ne4 10. Nxe4 fxe4 11. Nd2 Bf7 12. Bg3 e5 13. c3 O-O 14. O-O Qg5 15. b4
a5 16. a3 Be6 17. bxa5 Rxa5 18. Qb3 Qh6 19. Nxe4 g5 20. Nd2 Qxh3 21. Qxb7 e4 22.
Rfb1 Rf6 23. Nf1 Bxg4 24. Qc8+ Bf8 25. Bxg4 Qxg4 26. Rb7 Ne5 27. Qxg4 Nxg4 28.
a4 Rf7 29. Rb6 Rfa7 30. Rxc6 Rxa4 31. Rb1 Kf7 32. Rbb6 Ra1 33. Kg2 R1a2 34. Rb5
Rd7 35. Kg1 Ra1 36. c4 h5 37. Rxd5 Rxd5 38. cxd5 h4 39. Rc7+ Ke8 40. Rc8+ Kd7
41. Rxf8 hxg3 42. Kg2 gxf2 43. Rg8 Ra3 44. Rg7+ Kd6 45. Rg6+ Kd7 46. Rxg5 Nxe3+
47. Nxe3 Rxe3 48. Kxf2 Rd3 49. Rg4 1/2-1/2

[Event "UT Dallas Fall Open 2017"]
[Site "Dallas USA"]
[Date "2017.11.21"]
[Round "8.10"]
[White "Kadric, Denis"]
[Black "Shtembuliak, Evgeny"]
[Result "1-0"]
[WhiteTitle "GM"]
[BlackTitle "IM"]
[WhiteElo "2505"]
[BlackElo "2490"]
[WhiteFideId "14403803"]
[BlackFideId "14113325"]
[EventDate "2017.11.17"]

1. e4 c5 2. Nc3 Nc6 3. Nge2 d6 4. d4 cxd4 5. Nxd4 Nf6 6. Bc4 Bd7 7. Bb3 g6 8.
Be3 Bg7 9. f3 O-O 10. h4 Nxd4 11. Bxd4 b5 12. h5 Nxh5 13. g4 Nf6 14. Qd2 e6 15.
Qh2 Re8 16. O-O-O b4 17. Ne2 Qa5 18. Kb1 Rad8 19. Ng3 h6 20. Qd2 Qg5 21. Qxg5
hxg5 22. Bxa7 Bc6 23. Bb6 Rd7 24. Be3 d5 25. Bxg5 dxe4 26. Rxd7 Nxd7 27. Nxe4
Bxe4 28. fxe4 Ne5 29. Bd2 Rb8 30. g5 Nf3 31. Bf4 Rd8 32. Kc1 Rd4 33. Rf1 Nh4 34.
Bd2 Rxe4 35. Rf4 Rxf4 36. Bxf4 Nf3 37. a4 bxa3 38. bxa3 Bc3 39. Kd1 e5 40. Be3
Nd4 41. a4 Nc6 42. Bd5 Ne7 43. Be4 Kg7 44. Ke2 f5 45. gxf6+ Kxf6 46. Kd3 Ba5 47.
Kc4 Nf5 48. Kb5 Bd8 49. Bc5 Ng3 50. Bc6 e4 51. Bb6 Bxb6 52. Kxb6 e3 53. Bf3 Ne4
54. a5 Nd6 55. a6 Ke7 56. Kc6 Nc4 57. Be2 Ne5+ 58. Kc7 1-0

[Event "UT Dallas Fall Open 2017"]
[Site "Dallas USA"]
[Date "2017.11.21"]
[Round "8.11"]
[White "Ynojosa Aponte, Felix Jose"]
[Black "Sheng, Joshua"]
[Result "1/2-1/2"]
[WhiteTitle "IM"]
[BlackTitle "IM"]
[WhiteElo "2423"]
[BlackElo "2373"]
[WhiteFideId "3900258"]
[BlackFideId "2057360"]
[EventDate "2017.11.17"]

1. c4 e6 2. Nc3 d5 3. d4 c6 4. e4 dxe4 5. Nxe4 Bb4+ 6. Nc3 c5 7. a3 Ba5 8. d5
Nf6 9. Be3 Bxc3+ 10. bxc3 Qa5 11. Ne2 O-O 12. g3 exd5 13. cxd5 Bg4 14. Bg2 Bxe2
15. Kxe2 Ng4 16. c4 Nd7 17. Qb3 Rae8 18. Rhd1 Qa6 19. d6 b6 20. Bc6 Nge5 21. Qa4
Qc8 22. Bg2 Nf6 23. h3 Qe6 24. Rac1 Rd8 25. Kf1 Rxd6 26. Rxd6 Qxd6 27. Bf4 Qd3+
28. Kg1 Nf3+ 29. Bxf3 Qxf3 30. Qxa7 Ne4 31. Rf1 g5 32. Bc1 Nc3 33. Bxg5 Ne2+ 34.
Kh2 Nxg3 1/2-1/2

[Event "UT Dallas Fall Open 2017"]
[Site "Dallas USA"]
[Date "2017.11.21"]
[Round "8.13"]
[White "Wheeler, Cameron"]
[Black "Sarkar, Justin"]
[Result "1-0"]
[WhiteTitle "IM"]
[BlackTitle "IM"]
[WhiteElo "2391"]
[BlackElo "2354"]
[WhiteFideId "2060531"]
[BlackFideId "2010011"]
[EventDate "2017.11.17"]

1. Nf3 Nf6 2. c4 e6 3. g3 d5 4. d4 dxc4 5. Bg2 Nc6 6. Qa4 Nd7 7. Qxc4 Nb6 8. Qd3
e5 9. Nxe5 Nb4 10. Qc3 Qxd4 11. O-O Qxc3 12. Nxc3 Bd6 13. Nf3 c6 14. Ne4 Bc7 15.
Bd2 N4d5 16. Rac1 O-O 17. Nc5 Nd7 18. Nxd7 Bxd7 19. e4 Nf6 20. Nd4 Rfe8 21. Rfe1
Be5 22. Bc3 g5 23. Ne2 g4 24. Nf4 Bxc3 25. Rxc3 Be6 26. e5 Nd7 27. Rce3 a5 28.
h3 Bxa2 29. hxg4 Re7 30. Nh5 Rae8 31. g5 Bd5 32. Bh3 Be6 33. Bxe6 Rxe6 34. Rd1
R8e7 35. f4 h6 36. f5 Rxe5 37. Rxe5 Rxe5 38. Rxd7 Rxf5 39. Rd8+ Kh7 40. Nf6+ 1-0

[Event "UT Dallas Fall Open 2017"]
[Site "Dallas USA"]
[Date "2017.11.21"]
[Round "8.14"]
[White "Ghatti, Sanjay"]
[Black "Perelshteyn, Eugene"]
[Result "0-1"]
[WhiteTitle "FM"]
[BlackTitle "GM"]
[WhiteElo "2178"]
[BlackElo "2523"]
[WhiteFideId "2076438"]
[BlackFideId "2012529"]
[EventDate "2017.11.17"]

1. e4 c5 2. Nf3 g6 3. d4 Bg7 4. Nc3 cxd4 5. Nxd4 Nc6 6. Be3 Nf6 7. Bc4 Qa5 8.
Nb3 Qc7 9. O-O O-O 10. f4 d6 11. h3 a6 12. a4 b6 13. Qe2 Na5 14. Nxa5 bxa5 15.
Rad1 Bb7 16. Bd4 Nh5 17. Bxg7 Kxg7 18. Qd3 Qc5+ 19. Kh2 Nf6 20. Bb3 Rad8 21. Nd5
Rfe8 22. Nxf6 exf6 23. Bd5 Bxd5 24. exd5 Qb6 25. b3 Re3 26. Qd4 Qxd4 27. Rxd4
Rc8 28. Rd2 Rcc3 29. Rff2 f5 30. Rd4 Re4 31. Rdd2 Kf6 32. Rd3 Rxd3 33. cxd3 Rd4
34. Rc2 Rxd5 35. Rc6 Rxd3 36. Rxa6 Rxb3 37. Rxd6+ Ke7 38. Ra6 Rb4 39. Ra7+ Kf6
40. Ra6+ Kg7 41. Rxa5 Rxf4 42. Ra7 g5 43. Ra5 Kg6 44. Ra6+ f6 45. Ra8 Rf2 46. a5
f4 47. a6 Ra2 48. Kg1 h5 49. Kf1 g4 50. Rg8+ Kf5 51. Ra8 Ra1+ 52. Ke2 f3+ 53.
gxf3 gxh3 54. Rh8 Kg5 55. a7 h2 56. f4+ Kh4 0-1

[Event "UT Dallas Fall Open 2017"]
[Site "Dallas USA"]
[Date "2017.11.21"]
[Round "8.15"]
[White "Hernandez Carmenate, Holden"]
[Black "Rahul, Srivatshav P"]
[Result "1/2-1/2"]
[WhiteTitle "GM"]
[WhiteElo "2462"]
[BlackElo "2375"]
[WhiteFideId "3504387"]
[BlackFideId "25059653"]
[EventDate "2017.11.17"]

1. d4 Nf6 2. c4 g6 3. Nc3 Bg7 4. e4 d6 5. Be2 O-O 6. Nf3 e5 7. O-O Nc6 8. d5 Ne7
9. b4 a5 10. bxa5 Rxa5 11. a4 b6 12. Nd2 Ra8 13. Nb3 Ne8 14. a5 c5 15. axb6 Rxa1
16. Nxa1 Qxb6 17. Qa4 f5 18. Bg5 Bf6 19. Rb1 Qd8 20. Bd2 fxe4 21. Nxe4 Nf5 22.
Rb8 Bh4 23. Ba5 Qd7 24. Qc6 Nd4 25. Qxd7 Nxe2+ 26. Kf1 Bxd7 27. Kxe2 Bf5 28. Nc3
Ng7 29. Bc7 Ne8 30. Bb6 Ng7 31. Ba7 Bc8 32. Ne4 Nf5 33. Nb3 Be7 34. Na5 Nd4+ 35.
Kd3 Bf5 36. f3 Kf7 37. Nb7 Re8 38. Kd2 Bxe4 39. fxe4 Bg5+ 40. Kc3 Be7 41. Kd3
Kf8 42. h3 Kf7 43. Na5 Rxb8 44. Bxb8 Ke8 45. Nc6 Kd7 46. Nxd4 exd4 47. e5 Kc8
48. exd6 Bf8 49. d7+ Kxd7 50. Bf4 Bd6 51. Bc1 h5 52. Ke4 Ke7 53. g4 hxg4 54.
hxg4 Kf6 55. Bd2 1/2-1/2

[Event "UT Dallas Fall Open 2017"]
[Site "Dallas USA"]
[Date "2017.11.21"]
[Round "8.16"]
[White "Capocyan, Sam"]
[Black "Vazquez, Guillermo"]
[Result "0-1"]
[BlackTitle "IM"]
[WhiteElo "2150"]
[BlackElo "2427"]
[WhiteFideId "2067480"]
[BlackFideId "3702308"]
[EventDate "2017.11.17"]

1. d4 Nf6 2. c4 e6 3. Nc3 Bb4 4. g3 c5 5. Nf3 cxd4 6. Nxd4 Ne4 7. Qc2 Nxc3 8.
bxc3 Be7 9. Bg2 O-O 10. O-O a6 11. Rd1 Qc7 12. Qa4 Nc6 13. Rb1 Ne5 14. Bf4 d6
15. Nb5 Qc5 16. Be3 Qxc4 17. Rb4 Qxe2 18. Nxd6 Bd7 19. Qb3 Bxd6 20. Rxd6 Qe1+
21. Bf1 Bc6 22. Rxc6 Nxc6 23. Rxb7 Rad8 24. Rc7 Rd1 25. Qc4 Ne5 26. Qe4 Qxf1# 0-1

[Event "UT Dallas Fall Open 2017"]
[Site "Dallas USA"]
[Date "2017.11.21"]
[Round "8.17"]
[White "Richard, Emma"]
[Black "Kavutskiy, Konstantin"]
[Result "0-1"]
[WhiteTitle "WFM"]
[BlackTitle "IM"]
[WhiteElo "2080"]
[BlackElo "2396"]
[WhiteFideId "657590"]
[BlackFideId "2026384"]
[EventDate "2017.11.17"]

1. e4 c5 2. Nf3 e6 3. b3 b6 4. Bb2 Bb7 5. Bd3 d6 6. O-O Nf6 7. Re1 Be7 8. c3 O-O
9. Bc2 Nc6 10. Na3 a6 11. d4 cxd4 12. cxd4 b5 13. e5 dxe5 14. dxe5 Qxd1 15.
Rexd1 Nd5 16. Be4 Ncb4 17. Nd4 Rac8 18. Kf1 Ne3+ 19. fxe3 Bxe4 20. Rd2 Nd3 21.
Nb1 Nxb2 22. Rxb2 Bd3+ 23. Kf2 Rc1 24. Ne2 Bxe2 25. Kxe2 Bd8 26. Kd2 Rg1 27. Kd3
Bc7 28. Ke4 f5+ 29. exf6 gxf6 30. a4 Be5 31. Raa2 b4 32. Kf3 Rd8 33. Nd2 Bxb2
34. Rxb2 Rc1 35. Ke2 f5 36. Nf3 Rc3 37. Nd4 Kf7 38. a5 f4 39. Nc2 Rdd3 40. exf4
Rxb3 41. Ra2 Rd5 42. Ne3 Rd4 43. Ng4 Rxf4 44. Ne5+ Kg7 45. Nd7 Re4+ 46. Kf2 Ra3
47. Rc2 b3 48. Rc7 Rf4+ 49. Ke2 Rf7 0-1

[Event "UT Dallas Fall Open 2017"]
[Site "Dallas USA"]
[Date "2017.11.21"]
[Round "8.18"]
[White "Drozdowski, Kacper"]
[Black "Kung, Thomas"]
[Result "1-0"]
[WhiteTitle "IM"]
[WhiteElo "2467"]
[BlackElo "2150"]
[WhiteFideId "1136720"]
[BlackFideId "30914272"]
[EventDate "2017.11.17"]

1. c4 e5 2. Nc3 Nf6 3. Nf3 Nc6 4. a3 d5 5. cxd5 Nxd5 6. Qc2 Nb6 7. e3 Bd6 8. b4
O-O 9. Bb2 a6 10. Ne4 h6 11. Be2 Qe7 12. Rc1 f5 13. Nc5 Bxc5 14. Qxc5 Qxc5 15.
bxc5 Nd7 16. d4 exd4 17. Nxd4 Nxd4 18. Bxd4 Nf6 19. Bc4+ Kh8 20. Rb1 a5 21. f3
Rb8 22. Be5 Ne8 23. Kf2 Bd7 24. Bd5 b6 25. Rhd1 Ba4 26. Rd4 Bd7 27. c6 Bc8 28.
Bc4 Kh7 29. Rd8 Rh8 30. Bf7 1-0

[Event "UT Dallas Fall Open 2017"]
[Site "Dallas USA"]
[Date "2017.11.21"]
[Round "8.19"]
[White "Danelia, Mariam"]
[Black "Daggupati, Balaji"]
[Result "0-1"]
[WhiteTitle "WIM"]
[BlackTitle "FM"]
[WhiteElo "2153"]
[BlackElo "2358"]
[WhiteFideId "13603671"]
[BlackFideId "2090759"]
[EventDate "2017.11.17"]

1. d4 d5 2. c4 c6 3. Nf3 Nf6 4. Nc3 e6 5. Bg5 dxc4 6. e4 b5 7. e5 h6 8. Bh4 g5
9. Nxg5 hxg5 10. Bxg5 Nbd7 11. exf6 Bb7 12. Be2 Qb6 13. O-O O-O-O 14. b3 Bb4 15.
Rc1 c5 16. bxc4 Rdg8 17. h4 Rxh4 18. Bxh4 Rxg2+ 19. Kh1 Qd6 20. f4 Rxe2+ 21. d5
Rb2 22. Nxb5 Qf8 23. Nxa7+ Kc7 24. Nb5+ Kb8 25. Rc2 Rxc2 26. Qxc2 exd5 27. Qh7
dxc4+ 28. Kh2 Bc6 29. a4 Qe8 30. Qc2 Qh8 31. Kg3 Nxf6 32. Qf5 Qg7+ 33. Bg5 Ne4+
34. Kh2 f6 35. Rd1 Qh8+ 36. Kg1 Ng3 37. Qg4 Qh1+ 38. Kf2 Qg2+ 0-1

[Event "UT Dallas Fall Open 2017"]
[Site "Dallas USA"]
[Date "2017.11.21"]
[Round "8.20"]
[White "Kambrath, Yannick"]
[Black "Premkumar, Hiren"]
[Result "1-0"]
[WhiteTitle "FM"]
[WhiteElo "2332"]
[BlackElo "2048"]
[WhiteFideId "20632525"]
[BlackFideId "2065584"]
[EventDate "2017.11.17"]

1. d4 d5 2. c4 e6 3. Nc3 c6 4. e3 Bd6 5. Bd3 f5 6. Nge2 Nf6 7. f3 O-O 8. O-O Qe7
9. Qc2 Kh8 10. a3 dxc4 11. Bxc4 Nbd7 12. Bd3 Nb6 13. Bd2 Bd7 14. b4 g6 15. Rae1
Rae8 16. Ng3 e5 17. dxe5 Bxe5 18. f4 Bc7 19. e4 fxe4 20. Ncxe4 Nbd5 21. Bc1 Bb6+
22. Kh1 Qg7 23. Bb2 Bd8 24. f5 g5 25. Qc1 h6 26. Qa1 Kh7 27. Bc4 Qf7 28. Nd6
Rxe1 29. Rxe1 Qg8 30. Nxb7 Re8 31. Nxd8 Rxe1+ 32. Qxe1 Qxd8 33. Qe5 Qe8 34. Qxe8
Nxe8 35. Be5 Ne3 36. Bd3 Ng4 37. Bd4 Ngf6 38. Bxa7 Nc7 39. Bd4 Nfd5 40. Kg1 Nb5
41. Bb2 Kg8 42. Kf2 Kf7 43. Ne4 Nbc7 44. g4 Nb6 45. Bd4 Ncd5 46. Nc3 Bc8 47.
Nxd5 Nxd5 48. Kf3 Bb7 49. Bc5 Kf6 50. Bd4+ Kf7 51. Bc4 Kf8 52. Ke4 Nxb4 53. Bc5+ 1-0

[Event "UT Dallas Fall Open 2017"]
[Site "Dallas USA"]
[Date "2017.11.21"]
[Round "8.21"]
[White "Tsay, Vincent"]
[Black "Guo, Arthur"]
[Result "1/2-1/2"]
[WhiteTitle "FM"]
[BlackTitle "FM"]
[WhiteElo "2221"]
[BlackElo "2219"]
[WhiteFideId "30931835"]
[BlackFideId "30903114"]
[EventDate "2017.11.17"]

1. d4 Nf6 2. c4 e6 3. Nf3 Bb4+ 4. Nbd2 b6 5. a3 Bxd2+ 6. Bxd2 Bb7 7. g3 Bxf3 8.
exf3 O-O 9. Bg2 Nc6 10. Be3 d5 11. f4 Qd7 12. Qc2 Rad8 13. O-O dxc4 14. Qxc4 Ne7
15. Rac1 Ned5 16. b4 Qa4 17. Qd3 a6 18. Bf3 Qb5 19. Qc2 Qd7 20. Be2 Ra8 21. Qb3
g6 22. Rc2 Kg7 23. Rfc1 h5 24. h4 Rfd8 25. Bf3 a5 26. b5 a4 27. Qd3 Ra5 28. Rb1
Ne8 29. Bd2 Ra7 30. Bb4 Kg8 31. Re2 Raa8 32. Re5 Nef6 33. Qc4 Rac8 34. Bd2 c6
35. Qxa4 cxb5 36. Qxb5 Qxb5 37. Rxb5 Rc4 38. Re1 Rxd4 39. Be3 Nxe3 40. Rxe3 R8d6
41. Kg2 Rc4 42. Reb3 Nd7 43. Rb2 Kf8 44. R5b4 Rc7 45. Be2 Ke7 46. Bb5 Nf6 47.
Be2 Nd5 48. R4b3 Rc3 49. Bf3 Rxb3 50. Rxb3 Nc7 51. Be2 Kd7 52. Kf3 Nd5 53. Bb5+
Ke7 54. Rd3 Nc7 55. Rb3 Rd5 56. Bd3 b5 57. Ke2 Kd6 58. Be4 Rd4 59. Bd3 Kc5 60.
Kd2 Rd5 61. Kc2 Kd6 62. Rb4 Rc5+ 63. Kd2 Kc6 64. a4 bxa4 1/2-1/2

[Event "UT Dallas Fall Open 2017"]
[Site "Dallas USA"]
[Date "2017.11.21"]
[Round "8.22"]
[White "Williams, Quaitemes"]
[Black "Yim, Sung Ho"]
[Result "0-1"]
[WhiteElo "2033"]
[BlackElo "2275"]
[WhiteFideId "2007398"]
[BlackFideId "2062020"]
[EventDate "2017.11.17"]

1. e4 e6 2. Nc3 d5 3. g3 dxe4 4. Nxe4 Bd7 5. Bg2 Bc6 6. f3 h5 7. Ne2 h4 8. d4
Be7 9. Nf2 Nd7 10. Be3 Nb6 11. Qd3 Qd5 12. Nf4 Qc4 13. b3 Bb4+ 14. Bd2 Qxd3 15.
N4xd3 Bxd2+ 16. Kxd2 O-O-O 17. c3 Ne7 18. Ne5 Be8 19. Ned3 Nd7 20. Kc2 Nf5 21.
Rae1 hxg3 22. hxg3 Rxh1 23. Nxh1 Nf6 24. Bh3 Nd6 25. Nhf2 b6 26. Ne5 Kb7 27. f4
Nh5 28. Re3 Nf5 29. Bxf5 exf5 30. Nfd3 f6 31. Nc4 Bc6 32. Nc1 Kc8 33. Ne2 Kd7
34. Nd2 Bb7 35. Nf3 Be4+ 36. Kd2 g6 37. c4 c6 38. Kc3 Re8 39. Nd2 Ng7 40. g4 Bg2
41. Rxe8 Kxe8 42. gxf5 Nxf5 43. Kd3 Nd6 44. Ng3 Ke7 45. Ke3 Ke6 46. Nge4 Nf5+
47. Kd3 Ne7 48. Ng3 Bh3 49. a3 Nc8 50. Ke3 Nd6 51. Nge4 Nb7 52. b4 Ke7 53. Nc3
Bd7 54. Nde4 Nd6 55. Nxd6 Kxd6 56. Ne4+ Ke6 57. Kf3 Bc8 58. Ng3 b5 59. c5 Kd5
60. Ke3 Kc4 61. Ne4 Kb3 62. Kd2 Kxa3 63. Kc3 a5 64. bxa5 b4+ 65. Kd2 b3 66. Kc3
Ka2 67. Nd2 b2 68. Kc4 Ba6+ 69. Kc3 g5 70. fxg5 fxg5 71. d5 cxd5 72. Kd4 g4 73.
Ke3 b1=Q 74. Nxb1 Kxb1 0-1

[Event "UT Dallas Fall Open 2017"]
[Site "Dallas USA"]
[Date "2017.11.21"]
[Round "8.23"]
[White "Kneen, John Michael"]
[Black "Polavaram, Rithik"]
[Result "0-1"]
[WhiteElo "1647"]
[BlackElo "1957"]
[WhiteFideId "14301342"]
[BlackFideId "2081997"]
[EventDate "2017.11.17"]

1. e4 e5 2. Nf3 Nc6 3. Bc4 Bc5 4. d3 Nf6 5. Nc3 h6 6. O-O O-O 7. Nh4 Ne7 8. Be3
Bxe3 9. fxe3 c6 10. Rxf6 gxf6 11. Qg4+ Kh7 12. Nf5 Rg8 13. Qh5 Nxf5 14. Qxf5+
Kg7 15. Qg4+ Kf8 16. Qh5 Rg6 17. Rf1 Ke7 18. d4 d6 19. h3 Qb6 20. Na4 Qb4 21.
Bb3 Qd2 22. Qf3 exd4 23. exd4 Qxd4+ 24. Kh1 Qe5 25. Qe2 Rg3 26. Rf2 Bxh3 27.
gxh3 Rag8 28. Qf1 Qg5 29. Kh2 Rg1 30. Qd3 Rh1+ 0-1

[Event "UT Dallas Fall Open 2017"]
[Site "Dallas USA"]
[Date "2017.11.22"]
[Round "9.1"]
[White "Xiong, Jeffery"]
[Black "Macieja, Bartlomiej"]
[Result "1/2-1/2"]
[WhiteTitle "GM"]
[BlackTitle "GM"]
[WhiteElo "2629"]
[BlackElo "2533"]
[WhiteFideId "2047640"]
[BlackFideId "1104306"]
[EventDate "2017.11.17"]

1. d4 Nf6 2. c4 e6 3. Nf3 d5 4. g3 Bb4+ 5. Bd2 Be7 6. Bg2 c6 7. O-O Nbd7 8. Qc2
O-O 9. Rd1 b6 10. b3 a5 11. Bc3 Ne4 12. Ne5 Nxe5 13. Bxe4 Ng6 14. Bg2 f5 15. e3
h5 16. Nd2 Nh8 17. a4 Nf7 18. Rab1 b5 19. axb5 cxb5 20. cxd5 exd5 21. Rdc1 Be6
22. Nf3 Qb6 23. Ne5 Nxe5 24. dxe5 Qb7 25. Qe2 g6 26. Bf1 Ba3 27. Bb2 Bxb2 28.
Qxb2 Rfc8 29. Rxc8+ Bxc8 30. Qd4 Bd7 31. Rc1 a4 32. Qb4 a3 33. Bg2 a2 34. Qd6
a1=Q 35. Qxg6+ Kh8 36. Qh6+ Kg8 37. Qg6+ Kh8 38. Qh6+ 1/2-1/2

[Event "UT Dallas Fall Open 2017"]
[Site "Dallas USA"]
[Date "2017.11.22"]
[Round "9.2"]
[White "Patel, Advait"]
[Black "Li, Ruifeng"]
[Result "1-0"]
[WhiteTitle "IM"]
[BlackTitle "GM"]
[WhiteElo "2449"]
[BlackElo "2570"]
[WhiteFideId "2075105"]
[BlackFideId "2061074"]
[EventDate "2017.11.17"]

1. e4 Nc6 2. Nf3 d6 3. d4 Nf6 4. d5 Nb8 5. Bd3 g6 6. O-O Bg7 7. h3 O-O 8. c4 Na6
9. Nc3 e5 10. a3 Nh5 11. Re1 Nf4 12. Bc2 Qf6 13. Be3 h5 14. Nh2 Bh6 15. Kh1 Qg7
16. b4 f5 17. Rc1 Nxh3 18. gxh3 f4 19. Bd2 Bxh3 20. Rg1 f3 21. Rg3 Bg2+ 22. Kg1
Bf4 23. Bxf4 exf4 24. Rxf3 Bxf3 25. Qxf3 Rae8 26. Kh1 Nb8 27. e5 Rxe5 28. Rg1
Rf6 29. Qh3 g5 30. Ne4 Rg6 31. Nf3 g4 32. Nxe5 Qxe5 33. Qh4 Kf7 34. Qd8 Qe7 35.
Qxe7+ Kxe7 36. Re1 Kf7 37. c5 Rh6 38. Ng5+ Kf6 39. Ne6 Nd7 40. Nxc7 dxc5 41.
Re6+ Kg5 42. Rxh6 Kxh6 43. Bf5 cxb4 44. axb4 Ne5 45. d6 Kg5 46. d7 Nf7 47. Be4
Kf6 48. Bxb7 Ke7 49. Bc8 f3 50. Na6 Ne5 51. Nc5 h4 52. Kh2 g3+ 53. fxg3 f2 54.
Ba6 hxg3+ 55. Kxg3 Nc6 56. Bb5 f1=Q 57. Bxf1 Nxb4 58. Bb5 1-0